00550nam a2200193 a 4500001001300000003000900013005001700022008004100039020000900080082001800089100004100107245002000148260004000168300000900208500003500217505004700252650001600299700004100315nice12345678IN_TiNIC20260116012908.0050524s1983 iraa grp 000 0 urd  ac1500a891.4391bSAH aSaheb Hyderabadi, Muzafferuddin Khan aWaraq Der Waraq aIranbIdara-I-Adabiyat-I-Urduc1983 a192p aincludes index and biblioraphy2 aFoot notes by Maulana Maulvi Ilahi Bakhsh. aUrdu-Poetry1 aSaheb Hyderabadi, Muzafferuddin Khan